| 000 | 00653nam a2200265Ia 4500 | ||
|---|---|---|---|
| 008 | 171120s9999 xx 000 0 und d | ||
| 020 | _a9.7897127197e+012 | ||
| 050 | _a950 | ||
| 050 | _bR175 2007 | ||
| 245 | _aRamon Magsaysay awardees from Southeast Asia 1958-1973 | ||
| 245 | _cby Cecile C.A Balgos. | ||
| 260 | _aPhilippines : | ||
| 260 | _bAnvil, | ||
| 260 | _c2007 | ||
| 300 | _a294 pages : | ||
| 300 | _billustrations ; | ||
| 300 | _c22cm. | ||
| 650 | _aAsia -- | ||
| 650 | _aAwards -- | ||
| 650 | _aRamon Magsaysay awards. | ||
| 650 | _xAsia. | ||
| 650 | _xBiography. | ||
| 700 | _aBalgos, Cecile C.A | ||
| 700 | _aTitle. | ||
| 999 |
_c345230 _d345230 |
||